00369 a2200121 4500001001000000005001700010008004100027245005700068100002300125700001500148773006700163999001700230ART_1254420260410161907.0260409a 10aMFN tariff reductions and LDC benefits under the GSP1 aBaldwin, Robert E.1 aMurray, T.0 tThe Economic Journalg- Vol. 87, NÂș 345 (mar. 1977)wREV12512 c26439d26439